000 00763nam a2200217Ii 4500
003 JO-AjNU
008 230605s9999||||xx |||||||||||||| ||und||
017 _a2008/14935
020 _a977-5673-95-X
040 _aJO-AjNU
_bara
_erda
_cJO-AjNU
041 _aara
050 1 4 _aHJ9929.S9.M336 2009
100 3 _aالمهايني، محمد خالد,
_eauthor
_932487
245 0 0 _aالمحاسبة الحكومية
264 3 1 _aالقاهرة: المنظمة العربية للتنمية الادارية، 2009
300 _a435ص
_bيحتوي على ببلوغرافية من 425-435ص
336 _atext
_btxt
_2rdacontent
337 _aunmediated
_bn
_2rdamedia
338 _avolume
_bnc
_2rdacarrier
650 4 _aالمحاسبة الحكومية
_932488
999 _aA13121
_c16689
_d16689